[Event "Krzyszton mem corr"]
[Site "Poland corr"]
[Date "1999.07.15"]
[Round "?"]
[White "Cimmino, Pietro"]
[Black "Szafraniec, Tadeusz"]
[Result "1/2-1/2"]
[WhiteElo "2515"]
[BlackElo "2465"]
[PlyCount "70"]
[EventDate "1999.07.15"]
[EventType "tourn (corr)"]
[EventRounds "14"]
[EventCountry "POL"]
[SourceTitle "Corr 2008"]
[Source "ChessBase"]
[SourceDate "2008.06.24"]
[SourceVersion "1"]
[SourceVersionDate "2008.06.24"]
[SourceQuality "1"]

1. e4 c5 2. Nf3 d6 3. d4 cxd4 4. Nxd4 Nf6 5. Nc3 a6 6. Be3 e5 7. Nb3 Be7 8. f3 Be6 9. Qd2 b5 10. 0-0-0 0-0 11. g4 Nbd7 12. Kb1 Nb6 13. g5 Nfd7 14. h4 b4 15. Nd5 Bxd5 16. exd5 a5 17. Nc1 f5 18. g6 h5 19. f4 Rc8 20. fxe5 Nxe5 21. Qe2 Nxg6 22. Qxh5 Ne5 23. Ba6 Ra8 24. Bb5 Qc7 25. Rhg1 Rf7 26. Nd3 Bf6 27. Nf4 a4 28. Ne6 Qb7 29. Bd4 Qxd5 30. Ng5 Bxg5 31. hxg5 b3 32. Rh1 bxc2+ 33. Kxc2 Qe4+ 34. Bd3 Rc7+ 35. Kb1 Nxd3 1/2-1/2

[Event "Krzyszton mem corr"]
[Site "Poland corr"]
[Date "1999.07.15"]
[Round "?"]
[White "Szafraniec, Tadeusz"]
[Black "Jedrzejowski, Maciej"]
[Result "0-1"]
[WhiteElo "2465"]
[BlackElo "2459"]
[PlyCount "116"]
[EventDate "1999.07.15"]
[EventType "tourn (corr)"]
[EventRounds "14"]
[EventCountry "POL"]
[SourceTitle "Corr 2008"]
[Source "ChessBase"]
[SourceDate "2008.06.24"]
[SourceVersion "1"]
[SourceVersionDate "2008.06.24"]
[SourceQuality "1"]

1. e4 c5 2. Nf3 d6 3. d4 cxd4 4. Nxd4 Nf6 5. Nc3 a6 6. Be3 e5 7. Nf3 Be7 8. Bc4 0-0 9. Qe2 Nc6 10. 0-0 Na5 11. Bd5 Be6 12. Rad1 Qc7 13. Bxe6 fxe6 14. Ng5 Qd7 15. f4 exf4 16. Bxf4 h6 17. Nf3 Nh5 18. Bc1 Nc6 19. Na4 Qe8 20. Nb6 Rd8 21. c3 Qg6 22. Nd4 Nxd4 23. cxd4 Bg5 24. Bxg5 Qxg5 25. d5 Nf4 26. Qc2 exd5 27. Nxd5 Nxd5 28. Rxf8+ Rxf8 29. Qc4 Qe3+ 30. Kh1 Qc5 31. Qxc5 dxc5 32. exd5 Kf7 33. g3 Ke7 34. Re1+ Kd7 35. Kg2 Rf5 36. Re2 Rxd5 37. Kf3 b5 38. Ke4 Kd6 39. Rf2 Re5+ 40. Kd3 c4+ 41. Kd4 Rd5+ 42. Kc3 Kc5 43. Rf7 b4+ 44. Kc2 Re5 45. Kd2 g5 46. Rc7+ Kd4 47. Rc6 Ra5 48. a3 bxa3 49. bxa3 h5 50. Rd6+ Kc5 51. Rh6 Rxa3 52. Rxh5 Kb4 53. Rxg5 Ra2+ 54. Kc1 Kc3 55. Kb1 Rb2+ 56. Ka1 Rxh2 57. Rg6 Kc2 58. Rxa6 Rh8 0-1

[Event "Krzyszton mem corr"]
[Site "Poland corr"]
[Date "1999.07.15"]
[Round "?"]
[White "Szafraniec, Tadeusz"]
[Black "Lybin, Dmitry Vitalievich"]
[Result "1/2-1/2"]
[WhiteElo "2465"]
[BlackElo "2583"]
[PlyCount "126"]
[EventDate "1999.07.15"]
[EventType "tourn (corr)"]
[EventRounds "14"]
[EventCountry "POL"]
[SourceTitle "Corr 2008"]
[Source "ChessBase"]
[SourceDate "2008.06.24"]
[SourceVersion "1"]
[SourceVersionDate "2008.06.24"]
[SourceQuality "1"]

1. e4 g6 2. d4 Bg7 3. c4 d6 4. Nc3 Nf6 5. f3 0-0 6. Bg5 c5 7. d5 e6 8. Qd2 exd5 9. cxd5 a6 10. a4 Re8 11. Nge2 Nbd7 12. Nc1 h6 13. Be3 h5 14. Be2 Nh7 15. 0-0 Ne5 16. h3 f5 17. N1a2 Bd7 18. f4 Nf7 19. e5 dxe5 20. fxe5 Bxe5 21. Bxc5 Rc8 22. Be3 Qe7 23. Bf4 Nf6 24. Bxe5 Qxe5 25. Rae1 Qd6 26. Bd1 Kg7 27. Kh1 Qg3 28. Nc1 Nd6 29. Rxe8 Rxe8 30. N1e2 Qe3 31. Qxe3 Rxe3 32. Rf3 Rxf3 33. gxf3 Nc4 34. b4 Ne5 35. Kg2 Nd3 36. b5 axb5 37. axb5 Kf7 38. h4 Ke7 39. Kg3 Be8 40. Bc2 Nb4 41. Bb3 Kd6 42. Nf4 Bf7 43. Kf2 Nfxd5 44. Ncxd5 Nxd5 45. Bxd5 Bxd5 46. Nxg6 Bf7 47. Nf4 Kc5 48. Ke3 Kxb5 49. Kd4 Ka4 50. Nd3 b6 51. Ne5 Bg8 52. Kc3 Bd5 53. f4 Be4 54. Nd7 Ka5 55. Kd4 Bf3 56. Ne5 Be2 57. Nf7 Bg4 58. Nh6 Bh3 59. Ng8 Kb4 60. Nf6 Bg4 61. Nd5+ Kb5 62. Ne3 Kc6 63. Nd5 Kb5 1/2-1/2

[Event "Krzyszton mem corr"]
[Site "Poland corr"]
[Date "1999.07.15"]
[Round "?"]
[White "Szafraniec, Tadeusz"]
[Black "Toro Solis de Ovando, Guillermo F"]
[Result "0-1"]
[WhiteElo "2465"]
[BlackElo "2592"]
[PlyCount "112"]
[EventDate "1999.07.15"]
[EventType "tourn (corr)"]
[EventRounds "14"]
[EventCountry "POL"]
[SourceTitle "Corr 2008"]
[Source "ChessBase"]
[SourceDate "2008.06.24"]
[SourceVersion "1"]
[SourceVersionDate "2008.06.24"]
[SourceQuality "1"]

1. e4 c5 2. Nf3 Nc6 3. Bb5 g6 4. Bxc6 dxc6 5. d3 Bg7 6. h3 e5 7. 0-0 Qe7 8. a4 Nf6 9. Nbd2 0-0 10. Nc4 Nd7 11. a5 Rd8 12. Be3 f6 13. Nfd2 Nf8 14. f4 exf4 15. Bxf4 Ne6 16. Bg3 Nd4 17. Bh4 g5 18. Bg3 Be6 19. Ne3 Rd7 20. c3 Nb5 21. Nf3 Re8 22. Ne1 c4 23. d4 Bf7 24. Qf3 Qxe4 25. Qxe4 Rxe4 26. N1c2 h5 27. Ra4 h4 28. Bh2 a6 29. Nxc4 c5 30. Nb6 Rd8 31. d5 Rxa4 32. Nxa4 Rxd5 33. Ne3 Rd2 34. Rf2 Rxf2 35. Kxf2 Bf8 36. c4 Nd4 37. Nd5 Kg7 38. Bc7 Kg6 39. Bb6 Nb3 40. Ke2 Be8 41. Nac3 f5 42. Bc7 f4 43. Ne4 Kf5 44. Nec3 Nd4+ 45. Kd2 f3 46. Ke1 fxg2 47. Kf2 Nb3 48. Kxg2 Bg7 49. Ne3+ Kg6 50. Ne4 Bc6 51. Nd5 Kf5 52. Kf3 Nd4+ 53. Ke3 Nc2+ 54. Kd2 Kxe4 55. Kxc2 Bxd5 56. cxd5 Kxd5 0-1

[Event "Krzyszton mem corr"]
[Site "Poland corr"]
[Date "1999.07.15"]
[Round "?"]
[White "Vinje Gulbrandsen, Arne"]
[Black "Szafraniec, Tadeusz"]
[Result "1-0"]
[WhiteElo "2624"]
[BlackElo "2465"]
[PlyCount "91"]
[EventDate "1999.07.15"]
[EventType "tourn (corr)"]
[EventRounds "14"]
[EventCountry "POL"]
[SourceTitle "Corr 2008"]
[Source "ChessBase"]
[SourceDate "2008.06.24"]
[SourceVersion "1"]
[SourceVersionDate "2008.06.24"]
[SourceQuality "1"]

1. d4 Nf6 2. c4 g6 3. Nc3 Bg7 4. e4 d6 5. f3 0-0 6. Be3 Nc6 7. Nge2 a6 8. Qd2 Rb8 9. a3 Re8 10. b4 Nd7 11. Rd1 e5 12. d5 Ne7 13. g4 f5 14. Nc1 f4 15. Bf2 h6 16. Be2 b6 17. Nb3 Nf8 18. 0-0 Bf6 19. Rb1 h5 20. h3 g5 21. c5 hxg4 22. hxg4 Nfg6 23. c6 Kg7 24. Be1 Rh8 25. Rf2 Rh3 26. Rh2 Rxh2 27. Kxh2 Qh8+ 28. Kg1 Nh4 29. a4 Neg6 30. Bd1 Qh6 31. Qh2 Qh7 32. Kf1 Ra8 33. Qg1 Kf7 34. Be2 Bd8 35. a5 b5 36. Nd2 Kf6 37. Rb3 Qf7 38. Nxb5 axb5 39. Bxb5 Ba6 40. Bxa6 Rxa6 41. Qh2 Ra8 42. Qe2 Be7 43. Bf2 Qe8 44. Nc4 Qb8 45. b5 Bd8 46. Be1 1-0